|
|
|
|
| LEADER |
01131nab a2200325 i 4500 |
| 001 |
publ29287 |
| 005 |
20240115090836.0 |
| 008 |
240115s2023 hu o 0|| Angol d |
| 022 |
|
|
|a 1588-385X
|
| 024 |
7 |
|
|a 10.14232/abs.2023.1.35-44
|2 doi
|
| 024 |
7 |
|
|a 34500066
|2 mtmt
|
| 040 |
|
|
|a SZTE Publicatio Repozitórium
|b hun
|
| 041 |
|
|
|a Angol
|
| 100 |
1 |
|
|a Gajdács Márió
|
| 245 |
1 |
0 |
|a Phenotypic characteristics of environmental Pseudomonas aeruginosa
|h [elektronikus dokumentum] :
|b an in vitro study on epidemiological aspects /
|c Gajdács Márió
|
| 260 |
|
|
|c 2023
|
| 300 |
|
|
|a 35-44
|
| 490 |
0 |
|
|a ACTA BIOLOGICA SZEGEDIENSIS
|v 67 No. 1
|
| 650 |
|
4 |
|a Klinikai orvostan
|
| 700 |
0 |
2 |
|a Zsoldiné Urbán Edit
|e aut
|
| 700 |
0 |
2 |
|a Pallós Péter
|e aut
|
| 700 |
0 |
2 |
|a Márta Adrienn
|e aut
|
| 700 |
0 |
2 |
|a Matusovits Danica
|e aut
|
| 700 |
0 |
2 |
|a Kárpáti Krisztina
|e aut
|
| 700 |
0 |
2 |
|a Battah Basem
|e aut
|
| 700 |
0 |
2 |
|a Hetta Helal F.
|e aut
|
| 700 |
0 |
2 |
|a Khusro Ameer
|e aut
|
| 700 |
0 |
2 |
|a Dordevic Dani
|e aut
|
| 700 |
0 |
2 |
|a Kushkevych Ivan
|e aut
|
| 856 |
4 |
0 |
|u http://publicatio.bibl.u-szeged.hu/29287/1/05_Gajdacs_et_al_35-44.pdf
|z Dokumentum-elérés
|